00440 2200169 4500001002100000005001500021008004100036035001900077041000700096082001000103090001600113100002300129245003300152260004200185300001900227650002400246INLIS00000000001662720241224115147241224||||||||| | ||| |||| || |  0010-1224016627 aid0 a658.8 a658.8 HER m0 aHermawan Kartajaya00amarketing in venus play book aJakartabGramedia Pustaka Utamac2006 a288hlm;15x16cm 0aManajemen Pemasaran